01017nam a2200289Ia 450000500170000000800410001702000150005810000470007324500930012025000190021330000430023249000170027550000320029258600400032465000480036465000510041265000380046365000360050194200150053726400260055233600270057833700330060533800280063804000350066608400110070199900150071220220317001237.0160825s9999 xx 000 0 und d a84305723331 aSánchez-Silva, José Maríad1911-200213aEl gran viaje de Marcelino Pan y VinocJosé Ma. Sánchez Silva ; ilustraciones Goñi a1a. edición  a123 páginas bilustraciones c18 cm  aLas campanas aIncluye datos biográficos aPremio Hans Christian Andersen 1968142LEMBaNovela juvenil españoles ySiglo XX142LEMBaLiteratura juvenil española ySiglo XX142LEMBaÁngeles en la literatura 142LEMB aViajes en la literatura  2loccBKLIT aMadridbSusaetac1991 atextobtxt2rdacontent asin mediaciónbn2rdamedia avolumenbnc2rdacarrier aCO-BoRNBPbspaerdacCO-BoRNBP aN SAN4 c6362d6362